| 000 | 01021nac a22002777a 4500 | ||
|---|---|---|---|
| 001 | BR6004481 | ||
| 003 | BR-BrBNA | ||
| 005 | 20240105113113.0 | ||
| 008 | 230509b bl.|||m| |||| 00| 0 por d | ||
| 040 |
_aBR-BrBNA _bpor _cBiblioteca Nacional de Agricultura |
||
| 072 | _aE30; C00 | ||
| 090 | _aE30 BR6004481 | ||
| 110 | 1 |
_aAssociacao Nordestina de Credito e Assistencia Rural de Pernambuco, Recife (Brasil) _9695 |
|
| 245 | 1 |
_aPlano operativo 1969 [Associacao Nordestina de Credito e Assistencia Rural de Pernambuco; Brasil] _bConvenio ma/ibra/abcar |
|
| 260 | 3 |
_aRecife, PE (Brasil): _c[nd]. |
|
| 300 | _a41 p. | ||
| 490 |
_aPlano Operativo - Associacao Nordestina de Credito e Assistencia Rural de Pernambuco (Brazil) _v _x |
||
| 500 | _aPublished 1969?; 8 tables | ||
| 650 | _aProjeto de desenvolvimento | ||
| 650 | _aExtensao rural | ||
| 650 | _aDesenvolvimento rural | ||
| 650 | _aSociologia rural | ||
| 650 | _aPernambuco | ||
| 909 |
_a202312 _bLúcia Elande _c55 _dLúcia Elande |
||
| 942 |
_2AGRIS _n0 _cMS |
||
| 999 |
_c261900 _d261900 |
||